000 00517nam a2200193Ia 4500
005 20250508163154.0
008 008 250505s9999 xx 000 0 hin d
037 _aTextual
040 _aFEDL
_beng
_cFEDL
041 _ahin
_2eng
084 _a157, SHA
_qFEDL
100 _aSharma J.D.
_9774850
245 0 _aAupsamaniya manovigyan
260 _aMeerut, India
_bMeenakshi Prakashan
300 _axi,540p.
650 _aAbnormal Psychology
942 _cTEXL
_h157, SHA
999 _c1381292
_d1381292